[Event "GER-ch Seniors"]
[Site "Dresden"]
[Date "2012.08.17"]
[Round "9"]
[White "Voelpel, Gerhard"]
[Black "Paus, Franz"]
[Result "0-1"]
[WhiteElo "2100"]
[BlackElo "1960"]
[PlyCount "94"]
[EventDate "2012.08.09"]
[EventType "swiss"]
[EventRounds "9"]
[EventCountry "GER"]
[SourceTitle "EXT 2014"]
[Source "ChessBase"]
[SourceDate "2013.11.20"]
[SourceVersion "1"]
[SourceVersionDate "2013.11.20"]
[SourceQuality "1"]

1. e4 g6 2. d4 Bg7 3. Nf3 d6 4. Nc3 c6 5. h3 Nd7 6. Bc4 Nb6 7. Bb3 d5 8. exd5 cxd5 9. 0-0 Nf6 10. Re1 0-0 11. Bf4 Nh5 12. Bg5 Re8 13. Qe2 Nf6 14. Bf4 a6 15. Rad1 Bf5 16. Ne5 Rc8 17. Na4 Nxa4 18. Bxa4 b5 19. Bb3 Be6 20. c3 Ne4 21. f3 Nd6 22. Nd3 Nc4 23. Nc5 Rc6 24. Qf2 Bc8 25. Re2 Qb6 26. Rde1 Bf8 27. Nd3 a5 28. Bc2 f6 29. Kh1 Bf5 30. Nc5 Bc8 31. Nd3 Bf5 32. Nc5 Bxc2 33. Rxc2 e5 34. Nd7 Qd8 35. Nxf6+ Qxf6 36. Bxe5 Nxe5 37. dxe5 Rxe5 38. Rxe5 Qxe5 39. Rd2 Qf4 40. g3 Qf7 41. Kg2 Re6 42. Re2 Qe7 43. Rxe6 Qxe6 44. Qd4 Bg7 45. Qd3 Qd6 46. Qc2 d4 47. cxd4 Qxd4 0-1

[Event "GER-ch Seniors"]
[Site "Dresden"]
[Date "2012.08.16"]
[Round "8"]
[White "Babichev, Vyacheslav"]
[Black "Voelpel, Gerhard"]
[Result "0-1"]
[WhiteElo "1763"]
[BlackElo "2100"]
[PlyCount "111"]
[EventDate "2012.08.09"]
[EventType "swiss"]
[EventRounds "9"]
[EventCountry "GER"]
[SourceTitle "EXT 2014"]
[Source "ChessBase"]
[SourceDate "2013.11.20"]
[SourceVersion "1"]
[SourceVersionDate "2013.11.20"]
[SourceQuality "1"]

1. b3 e5 2. Bb2 Nc6 3. e3 d5 4. Bb5 Bd6 5. f4 Qe7 6. Nf3 f6 7. 0-0 Bg4 8. h3 Bh5 9. Qe1 Bxf3 10. Rxf3 a6 11. Bxc6+ bxc6 12. Qf1 Nh6 13. fxe5 Bxe5 14. Bxe5 Qxe5 15. Nc3 0-0 16. Na4 Qd6 17. d4 Nf7 18. h4 Rfe8 19. Nc5 a5 20. a4 Re7 21. Qd3 Nd8 22. Qc3 Re8 23. Raf1 Qe7 24. Qe1 Ne6 25. Nxe6 Qxe6 26. Qg3 Qd6 27. Qh3 Re4 28. h5 Rf8 29. g4 Qe6 30. Rg3 Re8 31. Rff3 h6 32. Kf2 Rxd4 33. Rg2 Rd2+ 34. Kg1 Rxg2+ 35. Kxg2 Qe4 36. Qg3 Qxc2+ 37. Kh3 Qe4 38. Qf2 c5 39. Rg3 Qh1+ 40. Qh2 Qxh2+ 41. Kxh2 d4 42. exd4 cxd4 43. Rd3 c5 44. Kg3 Kf7 45. Kf4 Re5 46. Kf3 Ke6 47. Kf4 Kd5 48. Kf3 c4 49. bxc4+ Kxc4 50. Ra3 d3 51. Ra2 Kb3 52. Rd2 Kc3 53. Ra2 d2 54. Ra3+ Kb2 55. Rd3 Kc2 56. Rd7 0-1

[Event "GER-ch Seniors"]
[Site "Dresden"]
[Date "2012.08.12"]
[Round "4"]
[White "Josting, Friedel"]
[Black "Voelpel, Gerhard"]
[Result "1/2-1/2"]
[WhiteElo "1971"]
[BlackElo "2100"]
[PlyCount "46"]
[EventDate "2012.08.09"]
[EventType "swiss"]
[EventRounds "9"]
[EventCountry "GER"]
[SourceTitle "EXT 2014"]
[Source "ChessBase"]
[SourceDate "2013.11.20"]
[SourceVersion "1"]
[SourceVersionDate "2013.11.20"]
[SourceQuality "1"]

1. d4 Nf6 2. Bg5 d5 3. e3 e6 4. Nd2 Be7 5. Bd3 Nbd7 6. Ngf3 c5 7. c3 Qc7 8. h3 0-0 9. 0-0 b6 10. Rc1 e5 11. e4 Re8 12. Re1 Bd6 13. exd5 Nxd5 14. Nc4 f6 15. Bh4 Bb7 16. Nxd6 Qxd6 17. Be4 Qc7 18. dxe5 Nf4 19. Bxb7 Qxb7 20. Qb3+ Kf8 21. exf6 Nxf6 22. Qc4 Re4 23. Rxe4 Qxe4 1/2-1/2

[Event "EU-chT Seniors 12th"]
[Site "Dresden"]
[Date "2010.02.14"]
[Round "5"]
[White "Hajenius, Willem"]
[Black "Voelpel, Gerhard"]
[Result "1/2-1/2"]
[WhiteElo "2043"]
[BlackElo "2102"]
[PlyCount "79"]
[EventDate "2010.02.10"]
[EventType "team-swiss"]
[EventRounds "9"]
[EventCountry "GER"]
[SourceTitle "CBM 134 Extra"]
[Source "ChessBase"]
[SourceDate "2010.03.03"]
[SourceVersion "1"]
[SourceVersionDate "2010.03.03"]
[SourceQuality "1"]
[WhiteTeam "Belgium (Seniors)"]
[BlackTeam "Widukind (Seniors)"]
[WhiteTeamCountry "BEL"]
[BlackTeamCountry "GER"]

1. d4 Nf6 2. c4 e6 3. Nc3 d5 4. cxd5 exd5 5. Bg5 Be7 6. Qc2 0-0 7. e3 h6 8. Bh4 Nbd7 9. Rb1 c6 10. Bd3 Re8 11. Nge2 Nh5 12. Bxe7 Qxe7 13. 0-0 Nf8 14. b4 Nf6 15. Ng3 g6 16. Kh1 Bd7 17. Rfe1 Ne6 18. Qd2 Kg7 19. f4 Rad8 20. f5 Ng5 21. b5 Nge4 22. Bxe4 Nxe4 23. Ncxe4 dxe4 24. bxc6 Bxc6 25. Rf1 Kh7 26. Qa5 a6 27. Rb2 Rf8 28. f6 Qe6 29. Rbf2 Rd5 30. Qb4 Qd6 31. Qb1 Rb5 32. Qd1 Re8 33. Rf4 Re6 34. Qg4 Qd5 35. Rf5 Qd8 36. R5f4 Rg5 37. Qd1 Ra5 38. Qg4 Rg5 39. Qd1 Ra5 40. Qg4 1/2-1/2

[Event "EU-chT Seniors 12th"]
[Site "Dresden"]
[Date "2010.02.13"]
[Round "4"]
[White "Voelpel, Gerhard"]
[Black "Mai, Hartmut"]
[Result "1/2-1/2"]
[WhiteElo "2102"]
[BlackElo "1933"]
[PlyCount "62"]
[EventDate "2010.02.10"]
[EventType "team-swiss"]
[EventRounds "9"]
[EventCountry "GER"]
[SourceTitle "CBM 134 Extra"]
[Source "ChessBase"]
[SourceDate "2010.03.03"]
[SourceVersion "1"]
[SourceVersionDate "2010.03.03"]
[SourceQuality "1"]
[WhiteTeam "Widukind (Seniors)"]
[BlackTeam "Stiftung BSW/DBAG (Seniors) III"]
[WhiteTeamCountry "GER"]
[BlackTeamCountry "GER"]

1. e4 d5 2. exd5 Qxd5 3. Nc3 Qa5 4. Nf3 c6 5. h3 Bf5 6. Bc4 e6 7. 0-0 Nf6 8. Re1 Nbd7 9. d4 Be7 10. Bf4 0-0 11. Qe2 Rfe8 12. a3 Nd5 13. Bd2 Nxc3 14. Bxc3 Qc7 15. Bd3 Bxd3 16. Qxd3 Rad8 17. Rad1 Bf6 18. Qe3 Qc8 19. Ne5 Nb6 20. Qe4 Bxe5 21. dxe5 Rxd1 22. Rxd1 Rd8 23. Re1 Rd5 24. Re3 Rd1+ 25. Kh2 Nd5 26. Rg3 Nxc3 27. Rxc3 Qd7 28. Qe3 Qd4 29. Qxd4 Rxd4 30. Kg3 Kf8 31. Kf3 Ke7 1/2-1/2

[Event "EU-chT Seniors 12th"]
[Site "Dresden"]
[Date "2010.02.12"]
[Round "3"]
[White "Zunker, Reinhard"]
[Black "Voelpel, Gerhard"]
[Result "1-0"]
[WhiteElo "2160"]
[BlackElo "2102"]
[PlyCount "53"]
[EventDate "2010.02.10"]
[EventType "team-swiss"]
[EventRounds "9"]
[EventCountry "GER"]
[SourceTitle "CBM 134 Extra"]
[Source "ChessBase"]
[SourceDate "2010.03.03"]
[SourceVersion "1"]
[SourceVersionDate "2010.03.03"]
[SourceQuality "1"]
[WhiteTeam "Hessen (Seniors)"]
[BlackTeam "Widukind (Seniors)"]
[WhiteTeamCountry "GER"]
[BlackTeamCountry "GER"]

1. e4 e5 2. Nf3 Nc6 3. Bb5 d6 4. c3 Bd7 5. 0-0 Nf6 6. Re1 Be7 7. d4 exd4 8. cxd4 0-0 9. Nc3 Bg4 10. Be3 a6 11. Bd3 Nd7 12. h3 Bxf3 13. gxf3 Bg5 14. f4 Bh6 15. Rc1 Re8 16. Qf3 Ne7 17. Bc4 Ng6 18. e5 c6 19. Qg4 Ndf8 20. f5 Bxe3 21. fxg6 Bxf2+ 22. Kxf2 Nxg6 23. e6 Qf6+ 24. Kg1 d5 25. exf7+ Qxf7 26. Bd3 Nf4 27. Bf5 1-0

[Event "GER-ch Seniors 21st"]
[Site "Dresden"]
[Date "2009.08.05"]
[Round "4"]
[White "Niebling, Ferdinand"]
[Black "Voelpel, Gerhard"]
[Result "1-0"]
[WhiteElo "2177"]
[BlackElo "2117"]
[PlyCount "113"]
[EventDate "2009.08.03"]
[EventType "swiss"]
[EventRounds "9"]
[EventCountry "GER"]
[SourceTitle "CBM 131 Extra"]
[Source "ChessBase"]
[SourceDate "2009.09.03"]
[SourceVersion "2"]
[SourceVersionDate "2009.09.16"]
[SourceQuality "1"]

1. d4 Nf6 2. c4 e6 3. Nc3 d5 4. Nf3 Nbd7 5. Bg5 Be7 6. e3 h6 7. Bh4 0-0 8. Qc2 Re8 9. Bd3 dxc4 10. Bxc4 a6 11. a4 Nb6 12. Bd3 Nfd5 13. Bxe7 Qxe7 14. 0-0 Nb4 15. Qe2 Nxd3 16. Qxd3 Bd7 17. Rfc1 Rac8 18. a5 Nd5 19. Nxd5 exd5 20. Qb3 Bc6 21. Ne5 Qd6 22. Nxc6 bxc6 23. Qb7 Rb8 24. Qxc6 Qb4 25. Qxa6 Qxb2 26. Qc6 Qd2 27. Qc2 Qxc2 28. Rxc2 Rb7 29. g3 Ra7 30. Rc5 Rd8 31. Kf1 Kf8 32. Ke2 Ke7 33. Kd3 Kd6 34. Rac1 Rda8 35. Ra1 c6 36. f3 f5 37. h3 Re8 38. g4 Rae7 39. Re1 g6 40. Rc3 Ra7 41. gxf5 gxf5 42. Rg1 Re6 43. Ra3 Rae7 44. Kd2 f4 45. exf4 Re2+ 46. Kc1 Kc7 47. a6 Kb6 48. f5 Ka7 49. f6 Re1+ 50. Rxe1 Rxe1+ 51. Kd2 Re6 52. f7 Rf6 53. Rc3 Kb6 54. a7 Kxa7 55. Rxc6 Rxf7 56. Ke3 h5 57. Re6 1-0

[Event "GER-ch Seniors-A 20th"]
[Site "Erfurt"]
[Date "2008.08.08"]
[Round "4"]
[White "Voelpel, Gerhard"]
[Black "Hoeschele, Hans Ulrich"]
[Result "0-1"]
[WhiteElo "1866"]
[BlackElo "2055"]
[PlyCount "40"]
[EventDate "2008.08.05"]
[EventType "swiss"]
[EventRounds "9"]
[EventCountry "GER"]
[SourceTitle "CBM 126 Extra"]
[Source "ChessBase"]
[SourceDate "2008.11.05"]
[SourceVersion "1"]
[SourceVersionDate "2008.11.05"]
[SourceQuality "1"]

1. e4 e5 2. Nf3 Nc6 3. d4 exd4 4. Nxd4 Bc5 5. Be3 Qf6 6. Nb5 Bxe3 7. fxe3 Qh4+ 8. g3 Qd8 9. N1c3 a6 10. Nd4 d6 11. Bg2 Nge7 12. 0-0 0-0 13. Rf2 Ne5 14. Nf5 Be6 15. b3 Kh8 16. Qe2 Ng8 17. Nd5 Bxd5 18. exd5 Qg5 19. Rf4 Ng6 20. h4 Nxf4 0-1

[Event "Sachsen-ch Seniors"]
[Site "Dresden"]
[Date "2007.08.??"]
[Round "6"]
[White "Voelpel, Gerhard"]
[Black "Dorawa, Bernhard"]
[Result "1/2-1/2"]
[WhiteElo "2135"]
[BlackElo "2056"]
[PlyCount "99"]
[EventDate "2007.07.28"]
[EventType "swiss"]
[EventRounds "9"]
[EventCountry "GER"]
[SourceTitle "EXT 2008"]
[Source "ChessBase"]
[SourceDate "2007.11.25"]
[SourceVersion "1"]
[SourceVersionDate "2007.11.25"]
[SourceQuality "1"]

1. e4 c5 2. Nf3 d6 3. d4 cxd4 4. Nxd4 Nf6 5. Nc3 a6 6. a4 e6 7. Be2 Qc7 8. 0-0 Be7 9. Be3 b6 10. f4 Bb7 11. Bf3 Nbd7 12. Re1 0-0 13. Qd2 Rfd8 14. Rad1 Nc5 15. Bf2 d5 16. exd5 Nxd5 17. Nxd5 Bxd5 18. Bxd5 Rxd5 19. Qe3 Bf6 20. Nxe6 fxe6 21. b4 Rxd1 22. Rxd1 Nxa4 23. Qxe6+ Qf7 24. Qc6 Qe8 25. Qd5+ Kh8 26. Re1 Qd8 27. Qc6 b5 28. c4 Nc3 29. c5 h6 30. h3 Bd4 31. Bxd4 Qxd4+ 32. Kh1 Rf8 33. Re8 Qxf4 34. Rxf8+ Qxf8 35. Qxa6 Qf1+ 36. Kh2 Qf4+ 37. Kh1 Qxb4 38. Qc8+ Kh7 39. Qf5+ Kg8 40. Qe6+ Kf8 41. c6 Qe4 42. Qc8+ Kf7 43. Qd7+ Qe7 44. Qf5+ Ke8 45. Qc8+ Qd8 46. Qe6+ Kf8 47. Qf5+ Kg8 48. Qe6+ Kf8 49. Qf5+ Kg8 50. Qe6+ 1/2-1/2

[Event "GER-ch Seniors 18th"]
[Site "Dresden"]
[Date "2006.07.27"]
[Round "6"]
[White "Schenk, Dieter"]
[Black "Voelpel, Gerhard"]
[Result "0-1"]
[WhiteElo "1864"]
[BlackElo "1940"]
[PlyCount "62"]
[EventDate "2006.07.22"]
[EventType "swiss"]
[EventRounds "9"]
[EventCountry "GER"]
[SourceTitle "EXT 2022"]
[Source "ChessBase"]
[SourceDate "2021.10.06"]
[SourceVersion "1"]
[SourceVersionDate "2021.10.06"]
[SourceQuality "1"]

1. e4 e6 2. d4 d5 3. e5 c5 4. c3 Nc6 5. Nf3 cxd4 6. cxd4 Qb6 7. a3 a5 8. Nc3 Nh6 9. Bxh6 gxh6 10. Qd2 Bd7 11. Na4 Qc7 12. Rc1 Bg7 13. Nc5 0-0 14. Bd3 f6 15. exf6 Rxf6 16. 0-0 Raf8 17. Ne5 Bc8 18. Bb1 Rf4 19. Nxc6 bxc6 20. Qc2 Bxd4 21. Nd3 R4f6 22. Qxc6 Qf7 23. Qc2 e5 24. Qd2 e4 25. Nf4 Ba7 26. Nxd5 Rxf2 27. Rxf2 Bxf2+ 28. Kh1 Ba7 29. Ne3 Qd7 30. Qe2 Qd4 31. Nf1 Qg1# 0-1

[Event "GER-ch Seniors 15th"]
[Site "Bad Wiessee"]
[Date "2003.05.12"]
[Round "3"]
[White "Voelpel, Gerhard"]
[Black "Lainburg, Victor"]
[Result "0-1"]
[WhiteElo "2058"]
[BlackElo "2229"]
[PlyCount "104"]
[EventDate "2003.05.??"]
[EventType "swiss"]
[EventRounds "9"]
[EventCountry "GER"]
[SourceTitle "EXT 2006"]
[Source "ChessBase"]
[SourceDate "2005.11.24"]
[SourceVersion "1"]
[SourceVersionDate "2005.11.24"]
[SourceQuality "1"]

1. d4 d5 2. Nf3 c5 3. e3 e6 4. c3 Nc6 5. Nbd2 Nf6 6. Bd3 Bd6 7. 0-0 0-0 8. dxc5 Bxc5 9. e4 a5 10. Qe2 e5 11. exd5 Nxd5 12. Nb3 Bd6 13. Bg5 Be7 14. Bxe7 Qxe7 15. Bxh7+ Kxh7 16. Qe4+ f5 17. Qxd5 Be6 18. Qc5 Qxc5 19. Nxc5 Bd5 20. Nd7 Rfe8 21. Nb6 Rad8 22. Nxd5 Rxd5 23. Rfd1 Red8 24. Rxd5 Rxd5 25. Kf1 e4 26. Ng5+ Kg6 27. Ne6 Rd2 28. Rb1 Ne5 29. Ke1 Rc2 30. Nf4+ Kf7 31. Ne2 Nd3+ 32. Kd1 Rxb2 33. Rxb2 Nxb2+ 34. Kd2 Nc4+ 35. Ke1 g5 36. Nd4 Kf6 37. Ke2 f4 38. h3 Ke5 39. Nb3 Kd5 40. Nd2 Nd6 41. Nb3 a4 42. Nd4 b5 43. g3 b4 44. Kd2 Nc4+ 45. Kc2 e3 46. fxe3 fxg3 47. cxb4 g2 48. Ne2 Ke4 49. Kc3 Na3 50. Ng1 Kxe3 51. Kb2 Kf2 52. Kxa3 Kxg1 0-1

[Event "Bad Griesbach Seniors op 5th"]
[Site "Bad Griesbach"]
[Date "2002.11.28"]
[Round "5"]
[White "Voelpel, Gerhard"]
[Black "Schirra, Paul"]
[Result "1/2-1/2"]
[WhiteElo "1823"]
[BlackElo "1645"]
[PlyCount "87"]
[EventDate "2002.11.24"]
[EventType "swiss"]
[EventRounds "7"]
[EventCountry "GER"]
[SourceTitle "EXT 2006"]
[Source "ChessBase"]
[SourceDate "2005.11.24"]
[SourceVersion "1"]
[SourceVersionDate "2005.11.24"]
[SourceQuality "1"]

1. d4 Nf6 2. Nf3 c5 3. e3 cxd4 4. exd4 g6 5. Be2 Bg7 6. 0-0 0-0 7. Bf4 d5 8. Nbd2 Nc6 9. Nb3 a5 10. Ne5 a4 11. Nxc6 bxc6 12. Nc5 a3 13. b4 Nd7 14. Nxd7 Bxd7 15. c3 f6 16. Qb3 e5 17. dxe5 fxe5 18. Bc1 Kh8 19. Bxa3 Qe7 20. Bb2 Be6 21. a3 c5 22. b5 c4 23. Qd1 Qd7 24. a4 Rf7 25. Bf3 e4 26. Be2 Be5 27. Qc2 Qc7 28. h3 h5 29. Bc1 Rh7 30. Be3 Rf8 31. b6 Qe7 32. f4 exf3 33. Bxf3 g5 34. Qd2 g4 35. Bd4 Bxd4+ 36. Qxd4+ Rg7 37. hxg4 hxg4 38. Be2 Bf5 39. Rae1 Qh4 40. Qf4 Rh7 41. Bxg4 Qh1+ 42. Kf2 Qh4+ 43. Kg1 Qh1+ 44. Kf2 1/2-1/2

[Event "Bad Griesbach Seniors op 5th"]
[Site "Bad Griesbach"]
[Date "2002.11.25"]
[Round "2"]
[White "Bilyavskyy, Borys"]
[Black "Voelpel, Gerhard"]
[Result "1/2-1/2"]
[WhiteElo "1756"]
[BlackElo "1823"]
[PlyCount "48"]
[EventDate "2002.11.24"]
[EventType "swiss"]
[EventRounds "7"]
[EventCountry "GER"]
[SourceTitle "EXT 2006"]
[Source "ChessBase"]
[SourceDate "2005.11.24"]
[SourceVersion "1"]
[SourceVersionDate "2005.11.24"]
[SourceQuality "1"]

1. e4 c5 2. Nf3 g6 3. d4 Bg7 4. Nc3 Qa5 5. Be2 Nf6 6. 0-0 cxd4 7. Nxd4 Nc6 8. Nb3 Qc7 9. f4 d6 10. Be3 0-0 11. h3 a6 12. a3 Na5 13. Nxa5 Qxa5 14. Qd2 Kh8 15. g4 Bd7 16. f5 Bc6 17. Bf3 Nd7 18. Qf2 Ne5 19. Be2 Qd8 20. Rad1 b5 21. Nd5 Bxd5 22. exd5 Qc7 23. c3 Rac8 24. Qf4 Qd7 1/2-1/2

[Event "Bad Griesbach Seniors op 5th"]
[Site "Bad Griesbach"]
[Date "2002.11.24"]
[Round "1"]
[White "Voelpel, Gerhard"]
[Black "Fischer, Semen"]
[Result "1-0"]
[WhiteElo "1823"]
[BlackElo "1674"]
[PlyCount "52"]
[EventDate "2002.11.24"]
[EventType "swiss"]
[EventRounds "7"]
[EventCountry "GER"]
[SourceTitle "EXT 2006"]
[Source "ChessBase"]
[SourceDate "2005.11.24"]
[SourceVersion "1"]
[SourceVersionDate "2005.11.24"]
[SourceQuality "1"]

1. d4 f5 2. Nc3 Nf6 3. Bg5 g6 4. Bxf6 exf6 5. e4 fxe4 6. Nxe4 d5 7. Nc3 Be7 8. Bd3 0-0 9. Qf3 Be6 10. Nge2 Nc6 11. a3 Qd7 12. h3 f5 13. 0-0-0 Bf6 14. Bb5 Qd6 15. Kb1 Rad8 16. h4 Ne7 17. Qe3 c6 18. Bd3 Bd7 19. f4 Qe6 20. Qf2 h5 21. Ng1 Nc8 22. Nf3 Nd6 23. Ne5 Bxe5 24. dxe5 Ne4 25. Qxa7 Nxc3+ 26. bxc3 Ra8 1-0

[Event "Mecklenburg VP-ch Seniors 2nd"]
[Site "Sparow"]
[Date "2002.09.18"]
[Round "6"]
[White "Voelpel, Gerhard"]
[Black "Janzen, Christian"]
[Result "1-0"]
[WhiteElo "2041"]
[BlackElo "1697"]
[PlyCount "47"]
[EventDate "2002.09.??"]
[EventType "swiss"]
[EventRounds "9"]
[EventCountry "GER"]
[SourceTitle "EXT 2006"]
[Source "ChessBase"]
[SourceDate "2005.11.24"]
[SourceVersion "1"]
[SourceVersionDate "2005.11.24"]
[SourceQuality "1"]

1. d4 d5 2. Nf3 e6 3. g3 Nf6 4. Bg2 Be7 5. c4 c6 6. 0-0 0-0 7. Qc2 Nbd7 8. Nc3 Re8 9. Bf4 Nf8 10. Ne5 N6d7 11. cxd5 Nxe5 12. dxe5 exd5 13. e4 dxe4 14. Rfd1 Qa5 15. Nxe4 Be6 16. Nd6 Reb8 17. a3 Nd7 18. b4 Qd8 19. Be3 Qf8 20. f4 f5 21. Nxb7 Bd5 22. Bxd5+ cxd5 23. Qc6 Qc8 24. Qxd5+ 1-0

[Event "Mecklenburg VP-ch Seniors 2nd"]
[Site "Sparow"]
[Date "2002.09.17"]
[Round "5"]
[White "Van Houten, Henk"]
[Black "Voelpel, Gerhard"]
[Result "0-1"]
[WhiteElo "1680"]
[BlackElo "2041"]
[PlyCount "75"]
[EventDate "2002.09.??"]
[EventType "swiss"]
[EventRounds "9"]
[EventCountry "GER"]
[SourceTitle "EXT 2006"]
[Source "ChessBase"]
[SourceDate "2005.11.24"]
[SourceVersion "1"]
[SourceVersionDate "2005.11.24"]
[SourceQuality "1"]

1. e4 c5 2. Nf3 Nc6 3. c4 Nf6 4. Nc3 e6 5. h3 d5 6. e5 Ng8 7. cxd5 exd5 8. Bb5 Be6 9. 0-0 Nge7 10. d4 a6 11. dxc5 axb5 12. Nxb5 Nc8 13. Bg5 Be7 14. Nd6+ Nxd6 15. Bxe7 Nxe7 16. cxd6 Nc6 17. Qb3 Ra7 18. Qe3 Ra4 19. Ng5 0-0 20. Nxe6 fxe6 21. f4 Qh4 22. g3 Qxh3 23. Rf2 Re4 24. Qc3 Qg4 25. Raf1 d4 26. Qf3 Qxf3 27. Rxf3 Re2 28. Rb3 Re3 29. Rxb7 Rxg3+ 30. Kh2 Rg6 31. Rc7 Nd8 32. Rf3 Rh6+ 33. Kg2 Rh5 34. Rc4 Rff5 35. Rxd4 g5 36. Rc4 gxf4 37. Rc5 Nf7 38. d7 0-1

[Event "Niedersachsen-ch Seniors 36th"]
[Site "Wingst"]
[Date "2002.03.??"]
[Round "6"]
[White "Bodenstein, Joachim"]
[Black "Voelpel, Gerhard"]
[Result "0-1"]
[WhiteElo "1927"]
[BlackElo "2070"]
[PlyCount "86"]
[EventDate "2002.03.??"]
[EventType "swiss"]
[EventRounds "9"]
[EventCountry "GER"]
[SourceTitle "EXT 2006"]
[Source "ChessBase"]
[SourceDate "2005.11.24"]
[SourceVersion "1"]
[SourceVersionDate "2005.11.24"]
[SourceQuality "1"]

1. e4 c5 2. Nf3 g6 3. d4 Bg7 4. d5 d6 5. Be2 Nf6 6. Nc3 0-0 7. Bg5 Re8 8. 0-0 a6 9. a4 Bg4 10. Nd2 Bxe2 11. Qxe2 Qc7 12. f4 Nbd7 13. Nc4 Nb6 14. Ne3 Rac8 15. f5 Nbd7 16. fxg6 hxg6 17. Qf2 Ne5 18. Qh4 Qd7 19. Rf4 Nh7 20. Ng4 f6 21. Bh6 g5 22. Qh5 gxf4 23. Nxe5 fxe5 24. Qg6 e6 25. dxe6 Rxe6 26. Qg4 Rce8 27. Nd5 Qf7 28. Qxg7+ Qxg7 29. Bxg7 Kxg7 30. Nc7 R8e7 31. Nxe6+ Rxe6 32. Kf2 Rh6 33. h3 Nf6 34. Re1 Rg6 35. c3 Kf7 36. Re2 Rg3 37. Kf1 Nh5 38. Rd2 Ke6 39. Ke1 Re3+ 40. Re2 Rxe2+ 41. Kxe2 d5 42. Kf3 dxe4+ 43. Kxe4 Ng3+ 0-1

[Event "Niedersachsen-ch Seniors 36th"]
[Site "Wingst"]
[Date "2002.03.??"]
[Round "7"]
[White "Voelpel, Gerhard"]
[Black "Assmann, Robert"]
[Result "1/2-1/2"]
[WhiteElo "2070"]
[BlackElo "1952"]
[PlyCount "137"]
[EventDate "2002.03.??"]
[EventType "swiss"]
[EventRounds "9"]
[EventCountry "GER"]
[SourceTitle "EXT 2006"]
[Source "ChessBase"]
[SourceDate "2005.11.24"]
[SourceVersion "1"]
[SourceVersionDate "2005.11.24"]
[SourceQuality "1"]

1. d4 Nf6 2. Nf3 e6 3. g3 b6 4. Bg2 Bb7 5. 0-0 c5 6. c4 cxd4 7. Qxd4 Bc5 8. Qh4 0-0 9. Nc3 Nc6 10. e4 Be7 11. Qh3 d6 12. Rd1 Qc8 13. b3 Rd8 14. Bb2 a6 15. Na4 Qc7 16. Nd4 e5 17. Nf5 Bf8 18. Qh4 Ne7 19. Nh6+ gxh6 20. Qxf6 Bg7 21. Qf3 f5 22. Qe3 b5 23. cxb5 axb5 24. Rac1 Qa5 25. Nc3 Rac8 26. a3 b4 27. Na4 Rxc1 28. Rxc1 bxa3 29. Bxa3 Bc6 30. Qc3 Qa8 31. Qc4+ Kh8 32. Rd1 fxe4 33. Rxd6 Rxd6 34. Bxd6 Nf5 35. Qb4 Nd4 36. Qb8+ Qxb8 37. Bxb8 Nxb3 38. Nc3 Nd2 39. Bd6 Bf6 40. Nd1 Kg7 41. h4 Kf7 42. Ne3 h5 43. Bh3 Be7 44. Bxe5 Nf3+ 45. Kg2 Nxe5 46. Bf5 h6 47. Kf1 Bb5+ 48. Kg2 Bd3 49. Nd5 Bc5 50. Nf4 Kf6 51. Bc8 Ke7 52. Nxh5 Be2 53. Nf4 Bf3+ 54. Kf1 Nd3 55. Nh3 Kf6 56. g4 Ne5 57. g5+ hxg5 58. Nxg5 Ng6 59. Bb7 Nxh4 60. Nxe4+ Bxe4 61. Bxe4 Ke5 62. f3 Kf4 63. Ke1 Ke3 64. Kd1 Ng2 65. Kc2 Kd4 66. Kd2 Bb4+ 67. Ke2 Nf4+ 68. Kf2 Bd2 69. Kg3 1/2-1/2

[Event "Niedersachsen-ch Seniors 36th"]
[Site "Wingst"]
[Date "2002.03.??"]
[Round "1"]
[White "Voelpel, Gerhard"]
[Black "Grams, Arthur"]
[Result "1/2-1/2"]
[WhiteElo "2070"]
[BlackElo "1718"]
[PlyCount "50"]
[EventDate "2002.03.??"]
[EventType "swiss"]
[EventRounds "9"]
[EventCountry "GER"]
[SourceTitle "EXT 2006"]
[Source "ChessBase"]
[SourceDate "2005.11.24"]
[SourceVersion "1"]
[SourceVersionDate "2005.11.24"]
[SourceQuality "1"]

1. c4 Nf6 2. Nf3 b6 3. g3 Bb7 4. Bg2 e5 5. 0-0 d6 6. Nc3 Be7 7. d4 Nbd7 8. d5 0-0 9. Qc2 a5 10. e4 Nc5 11. Ne1 Ba6 12. b3 Bc8 13. Nd3 Nxd3 14. Qxd3 Bg4 15. h3 Bh5 16. Be3 Bg6 17. Rac1 Nd7 18. Kh2 Bg5 19. Qd2 Bxe3 20. Qxe3 f5 21. exf5 Bxf5 22. Be4 Qf6 23. Bxf5 Qxf5 24. Ne4 h6 25. Kg2 Rf7 1/2-1/2

[Event "Niedersachsen-ch Seniors 36th"]
[Site "Wingst"]
[Date "2002.03.??"]
[Round "9"]
[White "Voelpel, Gerhard"]
[Black "Jentsch, Dieter"]
[Result "0-1"]
[WhiteElo "2070"]
[BlackElo "2286"]
[PlyCount "69"]
[EventDate "2002.03.??"]
[EventType "swiss"]
[EventRounds "9"]
[EventCountry "GER"]
[SourceTitle "EXT 2006"]
[Source "ChessBase"]
[SourceDate "2005.11.24"]
[SourceVersion "1"]
[SourceVersionDate "2005.11.24"]
[SourceQuality "1"]

1. d4 d5 2. Nf3 Nf6 3. g3 Nc6 4. Bg2 Bf5 5. 0-0 Qd7 6. e3 h5 7. c4 dxc4 8. Qa4 h4 9. Qxc4 Be6 10. Qb5 Rd8 11. Qxb7 Rb8 12. Ne5 Rxb7 13. Bxc6 Bd5 14. Nxd7 Bxc6 15. Ne5 Bb5 16. Re1 hxg3 17. hxg3 Ne4 18. a4 Ba6 19. g4 Rh7 20. Nc3 Nxc3 21. bxc3 Rb6 22. e4 f6 23. Nf3 Bc8 24. Nh2 e5 25. Be3 Rb3 26. Rec1 exd4 27. cxd4 Bd6 28. Nf1 Bxg4 29. Nd2 Rd3 30. f3 Rxe3 31. fxg4 Rg3+ 32. Kf1 Bf4 33. Rd1 Rh1+ 34. Ke2 Rh2+ 35. Ke1 0-1